000 00963nam a2200229Ia 4500
999 _c3348
_d3348
003 OSt
005 20200413122839.0
008 191128t2012 ck a br 000 j spa d
020 _a9789588445670
040 _aCO-JMCR
_cCO-JMCR
041 0 _aspa
082 0 4 _aC /
_bDEAc
100 1 _aDeacon, Alexis,
_d1978
_eautor
_92939
245 1 0 _aCoco y pío /
_cAlexis Deacon ; traducción de Carmen Diana Dearden
260 _aBogotá :
_bEkaré,
_c©2012
300 _a28 páginas :
_bilustraciones a color ;
_c22 cm. x 26 cm.
490 0 _aLeer es mi cuento plan nacional de lectrura y escritura
520 _aDos pequeños huevos se resquebrajan uno junto al otro y de ellos nacen un cocodrilo y un pájaro. “Hola, hermano”, se saludan. En adelante Coco y Pío aprenden a hacer todo juntos: comer, volar, flotar como troncos en el agua, cantarle al sol naciente y cui
534 _pCroc and bird
650 _aCuentos infantiles
_92940
942 _2ddc
_cBK